History Quiz

Random History or World Quiz

Ancient Wonders Quiz Stats

 Plays Quiz Updated Mar 18, 2020

     
Support Sporcle.
Go Orange.
Score 0/7 Timer 03:00
20 Plays Today
Location Wonder % Correct
EgyptGreat Pyramids of Giza
92.7%
Babylon/IraqHanging Gardens of Babylon
80.5%
EgyptLighthouse of Alexandria
50.4%
GreeceColossus of Rhodes
50.3%
GreeceStatue of Zeus at Olympia
40.3%
Ephesus/TurkeyTemple of Artemis at Ephesus
34.7%
TurkeyMausoleum at Halicarnassus
27.4%

From the Vault

Slot Machine: The Beatles

by BanjoZebra

Music 3m
Imagine a casino that just plays Beatles music. Sounds fun.
Remove Ads.
Support Sporcle.
Get the best of Sporcle when you Go Orange. This ad-free experience offers more features, more stats, and more fun while also helping to support Sporcle. Thank you for becoming a member.

Show Comments

Extras

Top Quizzes Today


Score Distribution

Your Account Isn't Verified!

In order to create a playlist on Sporcle, you need to verify the email address you used during registration. Go to your Sporcle Settings to finish the process.

Report this User

Report this user for behavior that violates our Community Guidelines.

Details: